1001 Algebra Practice Problems for Dummies (Record no. 4567)

MARC details
005 - DATE AND TIME OF LATEST TRANSACTION
control field 20250623055932.0
020 ## - INTERNATIONAL STANDARD BOOK NUMBER
International Standard Book Number 978-1-118-44671-3
082 ## - DEWEY DECIMAL CLASSIFICATION NUMBER
Classification number 512.007 STE
100 ## - MAIN ENTRY--PERSONAL NAME
Author name STERLING, J. M.
245 ## - TITLE STATEMENT
Title 1001 Algebra Practice Problems for Dummies
260 ## - PUBLICATION, DISTRIBUTION, ETC.
Place of publication, distribution, etc. Hoboken
Name of publisher, distributor, etc. John Wiley & Sons, Inc
Date of publication, distribution, etc. 2013.
300 ## - PHYSICAL DESCRIPTION
Extent xvi, 431p.
Other physical details Index
Dimensions 25cm
942 ## - ADDED ENTRY ELEMENTS (KOHA)
Source of classification or shelving scheme Dewey Decimal Classification
Koha item type Books
Holdings
Date last seen Total checkouts Full call number Barcode Price effective from Koha item type Lost status Source of classification or shelving scheme Damaged status Not for loan Withdrawn status Home library Current library Shelving location Date acquired Source of acquisition Cost, normal purchase price
06/23/2025   512.007 STE MZA0001742 06/23/2025 Books   Dewey Decimal Classification       CBE Mwanza CBE Mwanza General Collection 07/15/2024 Library Budget 86200.00